| 000 | 00550nam a2200181Ia 4500 | ||
|---|---|---|---|
| 999 |
_c14790 _d14790 |
||
| 003 | OSt | ||
| 005 | 20201030122316.0 | ||
| 008 | 190216s9999||||xx |||||||||||||| ||und|| | ||
| 040 | _coclc | ||
| 082 |
_a820.9 _bHUD/O |
||
| 100 |
_aHudson, William Henry _95328 |
||
| 245 | 3 |
_aAn Outline History Of English Of English Literature / _cWilliam Henry Hudson |
|
| 250 | _a2ND EDI | ||
| 260 |
_bQuality Publishing Company, _c2008. _aNew Delhi: |
||
| 300 | _a319p | ||
| 650 | _aEnglish | ||
| 942 |
_cBK _2ddc _h820.9 _iHUD/O _k820.9 _mHUD/O |
||